Geography from A to Z: (Record no. 7432)

MARC details
000 -LEADER
fixed length control field 00829nam a22002417a 4500
001 - CONTROL NUMBER
control field 7432
003 - CONTROL NUMBER IDENTIFIER
control field FISKH
005 - DATE AND TIME OF LATEST TRANSACTION
control field 20250825133249.0
008 - FIXED-LENGTH DATA ELEMENTS--GENERAL INFORMATION
fixed length control field 250715b cb ||||| |||| 00| 0 eng d
020 ## - INTERNATIONAL STANDARD BOOK NUMBER
International Standard Book Number 9780064460996
040 ## - CATALOGING SOURCE
Original cataloging agency FISKH
Language of cataloging eng
Transcribing agency FISKH
Modifying agency FISKH
050 ## - LIBRARY OF CONGRESS CALL NUMBER
Classification number G63 .K63
082 ## - DEWEY DECIMAL CLASSIFICATION NUMBER
Classification number 910.32
100 ## - MAIN ENTRY--PERSONAL NAME
Personal name Knowlton, Jack
245 ## - TITLE STATEMENT
Title Geography from A to Z:
Remainder of title A Picture Glossary /
Statement of responsibility, etc. by Jack Knowlton Pictures by Harriett Barton
260 ## - PUBLICATION, DISTRIBUTION, ETC.
Place of publication, distribution, etc. New York :
Name of publisher, distributor, etc. Harper Collins,
Date of publication, distribution, etc. 1988.
300 ## - PHYSICAL DESCRIPTION
Extent 47 pages :
Other physical details color illustrations ;
Dimensions 24 cm
520 ## - SUMMARY, ETC.
Summary, etc. A glossary of geographic terms, from "archipelogo" to "zones", with definitions and descriptions of the Earth's features.
650 ## - SUBJECT ADDED ENTRY--TOPICAL TERM
Topical term or geographic name entry element Geography
Form subdivision Reference
General subdivision social studies
700 ## - ADDED ENTRY--PERSONAL NAME
Personal name Barton, Harriett
Relator term illustrator
942 ## - ADDED ENTRY ELEMENTS (KOHA)
Source of classification or shelving scheme Dewey Decimal Classification
Koha item type Books
Suppress in OPAC No
Holdings
Withdrawn status Lost status Source of classification or shelving scheme Damaged status Not for loan Collection Home library Current library Shelving location Date acquired Total Checkouts Full call number Barcode Date last seen Copy number Price effective from Koha item type
    Dewey Decimal Classification     Non-Fiction Footprints International School Library Network Toul Kork Campus Footprints International School Library Network Toul Kork Campus A TK Campus, 4th Floor, Room B401, Non-Fiction Bookcases(7-8) 07/15/2025   KNO 910.321 G63 .K63 FISTK01682 07/15/2025 1 07/15/2025 Books
    Dewey Decimal Classification     Non-Fiction Footprints International School Library Network Toul Tom Poung Campus Footprints International School Library Network Toul Tom Poung Campus TTP Secondary Non-Fiction Bookshelves 08/25/2025   KNO 910.321 G63 .K63 FISTK01712 08/25/2025 2 08/25/2025 Books